[Event "AUTO-ELITE-1400"]
[Site "http://www.queenalice.com/game.php?id=1347230"]
[Date "2015.3.13"]
[Round "2"]
[White "AAABBB"]
[Black "powerrangel"]
[Result "0-1"]
[WhiteElo "2806"]
[BlackElo "2540"]

1. d4 d5 2. c4 c6 3. Nf3 e6 4. Nc3 dxc4 5. e3 b5 6. a4 Bb4 7. Bd2 a5 8. Ne5 Nf6
9. axb5 Bxc3 10. Bxc3 cxb5 11. b3 Bb7 12. bxc4 b4 13. Bb2 O-O 14. c5 Qc7 15. Nc4
Nbd7 16. Nd6 Bc6 17. f3 a4 18. Bc1 a3 19. Qd2 Rfb8 20. Be2 e5 21. Nf5 g6 22.
Ne7+ Kg7 23. Nxc6 Qxc6 24. O-O Qd5 25. Rd1 Nf8 26. Kh1 exd4 27. exd4 Ne6 28.
Qh6+ Kg8 29. Qh4 b3 30. Qxf6 b2 31. Bxb2 axb2 32. Rab1 Ra1 33. Qe5 Qxe5 34. dxe5
Rxb1 35. Rxb1 Nxc5 36. h4 Na4 37. Bd3 Nc3 38. Rf1 Kf8 39. Kh2 b1=R 40. Bxb1 Rxb1
41. Rf2 Ke7 42. h5 gxh5 43. Rd2 Rd1 44. Rc2 Nd5 45. Rc8 Rd2 46. Rh8 Nf4 47. Kg3
Nxg2 48. f4 h4+ 49. Kf3 h3 50. Rxh7 Rd3+ 51. Kg4 Ke6 52. Rh5 Ne3+ 53. Kxh3 Nd5+
54. Kh2 Nxf4 55. Rh6+ Kxe5 56. Kg1 Rd2 57. Kf1 Nd3 58. Rh8 f5 59. Re8+ Kf4 60.
Rf8 Ke4 61. Kg1 f4 62. Rh8 Rd1+ 63. Kh2 f3 64. Re8+ Kf4 65. Rf8+ Ke3 66. Re8+
Kd2 67. Rf8 f2 68. Kg2 Rg1+ 69. Kh3 f1=Q+ 70. Rxf1 Rxf1 71. Kg4 Ke3 72. Kg5 Ke4
73. Kg4 Rg1+ 74. Kh4 Kf5 75. Kh3 Kf4 76. Kh2 Rg3 77. Kh1 Kf3 78. Kh2 Kf2 0-1

[Event "AUTO-ELITE-1372"]
[Site "http://www.queenalice.com/game.php?id=1349670"]
[Date "2015.3.24"]
[Round "2"]
[White "powerrangel"]
[Black "acid"]
[Result "1/2-1/2"]
[WhiteElo "2555"]
[BlackElo "2686"]

1. e4 c5 2. Nf3 Nc6 3. d4 cxd4 4. Nxd4 Nf6 5. Nc3 e6 6. Ndb5 d6 7. Bf4 e5 8. Bg5
a6 9. Na3 Be7 10. Nc4 Bg4 11. Be2 Bxe2 12. Qxe2 Ng8 13. Bd2 Rc8 14. O-O Nd4 15.
Qd3 Nf6 16. Bg5 b5 17. Ne3 Ng8 18. Bxe7 Nxe7 19. Ncd5 Nxd5 20. exd5 b4 21. a3 a5
22. axb4 axb4 23. Ra4 Rb8 24. Nc4 O-O 25. Ra6 Rc8 26. Rxd6 Qe7 27. Ra6 Qc5 28.
b3 Qxd5 29. Nb6 e4 30. Qe3 Qb5 31. Qxd4 Qxa6 32. Nxc8 Qxc8 33. Qxe4 g6 34. Re1
Qc3 35. g3 Rc8 36. Re2 Kg7 37. g4 Qc5 38. Qf4 h5 39. g5 Qd5 40. Rd2 Qb7 41. Qd4+
Kg8 42. Re2 Qa6 43. Re7 Qc6 44. Qe4 Qc5 45. h4 Rd8 46. Re8+ Rxe8 47. Qxe8+ Kg7
48. Qe4 Qd6 49. Kg2 Qd2 50. Qe5+ Kg8 51. Qe8+ Kg7 52. Qe4 Qd6 53. Qc4 Qd2 54.
Kg3 Kg8 55. Kg2 1/2-1/2

[Event "AUTO-ELITE-1372"]
[Site "http://www.queenalice.com/game.php?id=1349671"]
[Date "2015.3.24"]
[Round "2"]
[White "acid"]
[Black "powerrangel"]
[Result "1/2-1/2"]
[WhiteElo "2685"]
[BlackElo "2537"]

1. d4 d5 2. c4 c6 3. Nf3 e6 4. e3 Nf6 5. Bd3 Nbd7 6. O-O Bd6 7. Nbd2 O-O 8. e4
e5 9. cxd5 cxd5 10. Re1 Re8 11. exd5 exd4 12. Ne4 Nxe4 13. Bxe4 Nf6 14. Bg5 h6
15. Bxf6 Qxf6 16. Qxd4 Qxd4 17. Nxd4 Be5 18. Bd3 Bd7 19. Nf3 Bf6 20. Rad1 Kf8
21. b3 Rxe1+ 22. Nxe1 Rd8 23. Nc2 Bg4 24. f3 Bc8 25. Bc4 a6 26. a4 Ke7 27. Ne3
Kd6 28. Be2 Bd7 29. a5 Bc3 30. f4 g5 31. g3 Kc5 32. Rc1 Kb4 33. Kf2 gxf4 34.
gxf4 Bb5 35. Bc4 Be8 36. Kf3 Bg7 1/2-1/2

[Event "AUTO-OPEN-3269"]
[Site "http://www.queenalice.com/game.php?id=1353493"]
[Date "2015.4.14"]
[Round "3"]
[White "powerrangel"]
[Black "Constante"]
[Result "1-0"]
[WhiteElo "2563"]
[BlackElo "2102"]

1. e4 c5 2. Nf3 d6 3. d4 cxd4 4. Nxd4 Nf6 5. Nc3 a6 6. h3 e6 7. g4 b5 8. Bg2 Bb7
9. a3 Be7 10. g5 Nfd7 11. h4 Nc6 12. f4 O-O 13. Be3 Qb6 14. Nf5 Qc7 15. Nxe7+
Nxe7 16. h5 f5 17. h6 g6 18. Qd4 Rf7 19. O-O-O Nc8 20. exf5 gxf5 21. g6 Re7 22.
Rdg1 1-0

[Event "AUTO-OPEN-3269"]
[Site "http://www.queenalice.com/game.php?id=1353494"]
[Date "2015.4.14"]
[Round "3"]
[White "Constante"]
[Black "powerrangel"]
[Result "0-1"]
[WhiteElo "2179"]
[BlackElo "2601"]

1. e4 c5 2. Nf3 d6 3. d4 cxd4 4. Nxd4 Nf6 5. f3 g6 6. c4 Bg7 7. Nc3 O-O 8. Be3
Nc6 9. Qd2 Nxd4 10. Bxd4 Bd7 11. Be2 Bc6 12. b4 a5 13. b5 Be8 14. Rd1 Nd7 15.
Be3 Rc8 16. Na4 f5 17. exf5 Rxf5 18. O-O Bf7 19. Rc1 Nc5 20. Nc3 Be6 21. Rfd1
Rf7 22. Nd5 b6 23. Qe1 Bf5 24. Qd2 Rb8 25. g4 Bc8 26. Kg2 Bb7 27. Rf1 e6 28. Bg5
Qd7 29. Nc3 d5 30. Qc2 d4 31. Rcd1 Qc7 32. Ne4 Nxe4 33. fxe4 Qe5 34. Qd2 Qxe4+
0-1

[Event "AUTO-ADV-3186"]
[Site "http://www.queenalice.com/game.php?id=1356767"]
[Date "2015.5.1"]
[Round "2"]
[White "powerrangel"]
[Black "roserl"]
[Result "1-0"]
[WhiteElo "2571"]
[BlackElo "1891"]

1. e4 c5 2. Nf3 Nc6 3. d4 cxd4 4. Nxd4 Nf6 5. Nc3 e6 6. Ndb5 d6 7. Bf4 e5 8. Bg5
a6 9. Bxf6 gxf6 10. Na3 b5 11. Nd5 Be6 12. c3 f5 13. exf5 Bxf5 14. Qf3 Qc8 15.
Nb6 1-0

[Event "AUTO-ADV-3186"]
[Site "http://www.queenalice.com/game.php?id=1356768"]
[Date "2015.5.1"]
[Round "2"]
[White "roserl"]
[Black "powerrangel"]
[Result "0-1"]
[WhiteElo "1898"]
[BlackElo "2613"]

1. e4 c5 2. Nf3 d6 3. d4 cxd4 4. Nxd4 Nf6 5. Nc3 g6 6. Bc4 Bg7 7. f3 O-O 8. Be3
Nc6 9. Qd2 Bd7 10. O-O-O Rb8 11. a3 Na5 12. Ba2 b5 13. g4 Nc4 14. Bxc4 bxc4 15.
Kb1 Qb6 16. Qc1 Qa5 17. Ka2 Rb7 18. Qd2 Rfb8 19. Rb1 Ne8 20. h4 h5 21. gxh5 Qxh5
22. Nd5 e6 23. Nf4 Qh7 24. h5 e5 25. hxg6 Rxb2+ 26. Rxb2 Rxb2+ 27. Kxb2 Qxh1 28.
gxf7+ Kxf7 29. Nfe2 exd4 30. Bxd4 Qxf3 31. Nc3 Nf6 32. Qg5 Qg4 0-1

[Event "AUTO-ADV-3186"]
[Site "http://www.queenalice.com/game.php?id=1356769"]
[Date "2015.5.1"]
[Round "2"]
[White "powerrangel"]
[Black "Scooby_99"]
[Result "1-0"]
[WhiteElo "2561"]
[BlackElo "1926"]

1. e4 e5 2. Nf3 Nc6 3. d4 d5 4. Nxe5 dxe4 5. Bb5 Bd7 6. Bxc6 bxc6 7. O-O Nf6 8.
Nc3 Be7 9. Re1 O-O 10. Nxe4 Nxe4 11. Rxe4 f5 12. Re1 Bf6 13. Bf4 Bxe5 14. Bxe5
f4 15. f3 Be6 16. Bxg7 Kxg7 17. Rxe6 Rf6 18. Re4 Kh8 19. Qd2 Qf8 20. b3 1-0

[Event "AUTO-ADV-3186"]
[Site "http://www.queenalice.com/game.php?id=1356770"]
[Date "2015.5.1"]
[Round "2"]
[White "Scooby_99"]
[Black "powerrangel"]
[Result "0-1"]
[WhiteElo "1928"]
[BlackElo "2560"]

1. d4 d5 2. Nf3 Nf6 3. Nc3 e6 4. e3 c5 5. dxc5 Bxc5 6. Be2 O-O 7. O-O a6 8. a3
Qc7 9. Bd2 Nc6 10. b4 Bd6 11. Re1 Ne5 12. Rb1 Nxf3+ 13. Bxf3 Bxh2+ 14. Kf1 Be5
15. Ne2 Bd7 16. Nd4 Bxd4 17. exd4 Qh2 18. g3 Bb5+ 0-1

[Event "AUTO-OPEN-3274"]
[Site "http://www.queenalice.com/game.php?id=1358638"]
[Date "2015.5.10"]
[Round "3"]
[White "powerrangel"]
[Black "jacconsultoria"]
[Result "1-0"]
[WhiteElo "2558"]
[BlackElo "2288"]

1. e4 c5 2. Nf3 g6 3. d4 cxd4 4. Nxd4 Bg7 5. Nc3 Nc6 6. Be3 Nf6 7. Bc4 O-O 8.
Bb3 Qa5 9. f3 e6 10. Qd2 d5 11. O-O-O Nxd4 12. Bxd4 dxe4 13. fxe4 Rd8 14. Qe2
Bd7 15. Kb1 Bc6 16. Rhf1 Ne8 17. Qf2 Qc7 18. e5 b5 19. a4 bxa4 20. Nxa4 Rab8 21.
Nc5 Bb5 22. c4 Bc6 23. Na6 Be4+ 24. Bc2 Bxc2+ 25. Qxc2 1-0

[Event "AUTO-OPEN-3274"]
[Site "http://www.queenalice.com/game.php?id=1358639"]
[Date "2015.5.10"]
[Round "3"]
[White "jacconsultoria"]
[Black "powerrangel"]
[Result "0-1"]
[WhiteElo "2431"]
[BlackElo "2582"]

1. c4 Nf6 2. Nc3 e6 3. d4 d5 4. cxd5 exd5 5. Bg5 Be7 6. Qc2 c6 7. e3 Nbd7 8. Bd3
O-O 9. Nge2 Re8 10. O-O Nf8 11. f3 Ng6 12. e4 dxe4 13. fxe4 Be6 14. h3 c5 15. d5
Bd7 16. d6 Bxd6 17. Nd5 Be5 18. Rad1 Bc6 19. Nec3 Re6 20. Bc4 Rd6 21. Qf2 Bxd5
22. Nxd5 Kh8 23. Qc2 b6 24. Kh1 Qf8 25. Nxf6 gxf6 26. Rxd6 Qxd6 27. Rd1 Qe7 28.
Be3 Re8 29. Qf2 Rd8 30. Bd5 Qe8 31. b3 Ne7 32. Qf3 Nxd5 33. exd5 Qd7 34. Qe4 Qe8
35. Bf4 Bxf4 36. Qxf4 Qe5 37. Qxe5 fxe5 38. g4 f5 39. gxf5 Kg7 40. Kg2 Kf6 41.
Kf3 Kxf5 42. Ke3 e4 43. Rf1+ Ke5 44. Rf7 h6 45. Rxa7 Rg8 46. h4 Rg4 47. Ra6 Rxh4
48. Rxb6 Rh3+ 49. Ke2 Kd4 50. d6 Rh2+ 51. Kf1 Ke3 52. d7 Rh1+ 53. Kg2 Rd1 54.
Rxh6 Rxd7 55. a4 Ke2 56. a5 e3 57. Re6 Rg7+ 58. Kh3 Kf2 59. Rf6+ Ke1 60. a6 Rd7
61. Rb6 e2 62. Rb7 Rd3+ 63. Kg4 Kd2 64. a7 e1=Q 65. a8=Q Qe6+ 0-1

[Event "AUTO-OPEN-3270"]
[Site "http://www.queenalice.com/game.php?id=1365132"]
[Date "2015.6.12"]
[Round "2"]
[White "chessman"]
[Black "powerrangel"]
[Result "0-1"]
[WhiteElo "2062"]
[BlackElo "2564"]

1. e4 c5 2. Nf3 d6 3. Bb5+ Nd7 4. c3 a6 5. Bxd7+ Bxd7 6. d4 cxd4 7. cxd4 Nf6 8.
Nc3 b5 9. a3 a5 10. e5 b4 11. axb4 axb4 12. Rxa8 Qxa8 13. exf6 bxc3 14. bxc3 Bb5
15. fxe7 Bxe7 16. Qc2 Qd5 17. Be3 O-O 18. Kd2 Ra8 19. Rb1 Qc4 20. Ng1 Ra2 21.
Rb2 Rxb2 22. Qxb2 Qd3+ 23. Kc1 Ba4 24. Qb8+ Bf8 0-1

[Event "AUTO-OPEN-3270"]
[Site "http://www.queenalice.com/game.php?id=1365133"]
[Date "2015.6.12"]
[Round "2"]
[White "powerrangel"]
[Black "chessman"]
[Result "1-0"]
[WhiteElo "2562"]
[BlackElo "2108"]

1. e4 e6 2. d4 d5 3. Nd2 dxe4 4. Nxe4 Nd7 5. g3 Ngf6 6. Nxf6+ Nxf6 7. Bg2 Be7 8.
Nf3 O-O 9. O-O c5 10. dxc5 Bxc5 11. Qe2 b6 12. Ne5 1-0

[Event "AUTO-ELITE-1378"]
[Site "http://www.queenalice.com/game.php?id=1366689"]
[Date "2015.6.20"]
[Round "2"]
[White "Chuzete"]
[Black "powerrangel"]
[Result "0-1"]
[WhiteElo "2389"]
[BlackElo "2594"]

1. e4 c5 2. Nf3 d6 3. d4 cxd4 4. Nxd4 Nf6 5. Nc3 g6 6. Be3 Bg7 7. f3 O-O 8. Qd2
Nc6 9. Bc4 Bd7 10. O-O-O Rb8 11. Bb3 Na5 12. Kb1 b5 13. h4 Nc4 0-1

[Event "AUTO-ELITE-1378"]
[Site "http://www.queenalice.com/game.php?id=1366690"]
[Date "2015.6.20"]
[Round "2"]
[White "powerrangel"]
[Black "Chuzete"]
[Result "1-0"]
[WhiteElo "2590"]
[BlackElo "2395"]

1. e4 c5 2. Nf3 d6 3. d4 cxd4 4. Nxd4 Nf6 5. Nc3 a6 6. h3 e5 7. Nde2 Be7 8. g4
O-O 9. Be3 Nbd7 10. g5 Ne8 11. Qd2 Nc7 12. O-O-O 1-0

[Event "AUTO-ELITE-1374"]
[Site "http://www.queenalice.com/game.php?id=1368516"]
[Date "2015.6.30"]
[Round "3"]
[White "WeirdGoblin"]
[Black "powerrangel"]
[Result "0-1"]
[WhiteElo "2356"]
[BlackElo "2598"]

1. d4 d5 2. c4 c6 3. Nf3 e6 4. e3 f5 5. Nc3 Nf6 6. Ne5 Nbd7 7. f4 Nxe5 8. dxe5
Ne4 9. Nxe4 fxe4 10. Be2 Bc5 11. O-O Qb6 12. Qb3 Bd7 13. Qxb6 axb6 14. Kh1 d4
15. exd4 Bxd4 16. a3 c5 17. Rb1 Ke7 18. Bd2 e3 19. Bc1 g5 20. b4 Rhf8 0-1

[Event "AUTO-ELITE-1374"]
[Site "http://www.queenalice.com/game.php?id=1368517"]
[Date "2015.6.30"]
[Round "3"]
[White "powerrangel"]
[Black "WeirdGoblin"]
[Result "1-0"]
[WhiteElo "2587"]
[BlackElo "2339"]

1. e4 c6 2. d4 d5 3. e5 Bf5 4. h4 Qb6 5. Nc3 h6 6. g4 Bc8 7. a3 e6 8. Be3 Nd7 9.
h5 c5 10. f4 a6 11. Nf3 Qc7 12. Qd2 Ne7 13. dxc5 Nxc5 14. O-O-O Bd7 15. Bxc5
O-O-O 16. Qf2 1-0

[Event "AUTO-ELITE-1374"]
[Site "http://www.queenalice.com/game.php?id=1368518"]
[Date "2015.6.30"]
[Round "3"]
[White "FabioDavid"]
[Black "powerrangel"]
[Result "1/2-1/2"]
[WhiteElo "2404"]
[BlackElo "2575"]

1. b3 Nf6 2. Bb2 e6 3. e3 c5 4. Nf3 Be7 5. Be2 Nc6 6. O-O b6 7. c4 O-O 8. d4
cxd4 9. Nxd4 Bb7 10. Nc3 a6 11. Bf3 Qc7 1/2-1/2

[Event "AUTO-ELITE-1374"]
[Site "http://www.queenalice.com/game.php?id=1368519"]
[Date "2015.6.30"]
[Round "3"]
[White "powerrangel"]
[Black "FabioDavid"]
[Result "1/2-1/2"]
[WhiteElo "2613"]
[BlackElo "2539"]

1. d4 d5 2. c4 e6 3. Nf3 Be7 4. g3 Nf6 5. Bg2 O-O 6. O-O h6 7. Nc3 dxc4 8. Ne5
Nd5 9. Nxc4 Nc6 10. e4 Nb6 11. Nxb6 axb6 12. Be3 Bd7 13. Qe2 Bb4 14. d5 Ne7 15.
dxe6 Bxe6 16. Nb5 Bxa2 17. Rxa2 Rxa2 18. Qc4 c6 19. Qxa2 cxb5 20. Qa7 Nc6 21.
Qxb6 Qxb6 22. Bxb6 Ra8 23. Rd1 Ra2 24. Rd5 Rxb2 25. Rxb5 Bc3 26. Rxb2 Bxb2 27.
f4 f6 28. Kf2 Bd4+ 29. Bxd4 Nxd4 30. Ke3 Nc6 31. Kd3 Kf7 32. Kc4 1/2-1/2

[Event "AUTO-OPEN-3270"]
[Site "http://www.queenalice.com/game.php?id=1380683"]
[Date "2015.9.1"]
[Round "3"]
[White "LUKK22"]
[Black "powerrangel"]
[Result "1-0"]
[WhiteElo "2671"]
[BlackElo "2614"]

1. g4 d5 2. c4 dxc4 3. Qa4+ c6 4. Qxc4 e5 5. Nf3 Be6 6. Qc2 Nd7 7. h3 h5 8. g5
Ne7 9. Nc3 Nf5 10. e3 a5 11. Bd3 Nd6 12. Be2 g6 13. d3 Bg7 14. b3 O-O 15. Ba3 c5
16. h4 a4 17. O-O b5 18. Ne4 Nxe4 19. dxe4 b4 20. Bb2 c4 21. Bxc4 a3 22. Bc1 Rc8
23. Rd1 Qe8 24. Qe2 Bxc4 25. bxc4 Nc5 26. Bd2 Qa4 27. Rdb1 Rb8 28. Be1 Nxe4 29.
Qd1 Qxd1 30. Rxd1 Nc5 31. Kf1 Rfc8 32. Rd5 e4 33. Nd4 Nd3 34. Rb5 Be5 35. Ke2
Rxc4 36. Rxb8+ Bxb8 37. f3 Be5 38. fxe4 Rc1 39. Rxc1 Nxc1+ 40. Kd2 Nxa2 41. Kc2
f6 42. gxf6 1-0

[Event "AUTO-OPEN-3270"]
[Site "http://www.queenalice.com/game.php?id=1380684"]
[Date "2015.9.1"]
[Round "3"]
[White "powerrangel"]
[Black "LUKK22"]
[Result "1/2-1/2"]
[WhiteElo "2612"]
[BlackElo "2637"]

1. e4 g6 2. d4 Bg7 3. Nf3 d6 4. Bd3 Nf6 5. O-O O-O 6. Re1 Re8 7. h3 e5 8. d5
Nbd7 9. c4 c6 10. Nc3 Nc5 1/2-1/2